Bundesliga Top Goal Scorers - Statistics

General Stats
  • This quiz has been taken 323 times
    256 since last reset
  • The average score is 9 of 21
Answer Stats
No. of goals Answer % Correct
365 Gerd Müller
99%
137 Thomas Müller
98%
312 Robert Lewandowski
97%
177 Dieter Müller
95%
170 Mario Gomez
62%
144 Marco Reus
52%
197 Claudio Pizarro
51%
162 Karl-Heinz Rummenigge
48%
137 Uwe Seeler
47%
268 Klaus Fischer
34%
144 Stefan Kießling
31%
220 Jupp Heynckes
30%
182 Ulf Kirsten
24%
177 Klaus Allofs
20%
148 Thomas Allofs
19%
213 Manfred Burgsmüller
17%
157 Fritz Walter
16%
179 Stefan Kuntz
12%
160 Bernd Hölzenbein
10%
166 Hannes Löhr
8%
141 Bernd Nickel
4%
No matching quizzes found
Score Distribution
Percent of People with Each Score
Percentile by Number Answered
Your Score History
You have not taken this quiz since the last reset